LEADER 00996nam a2200265 i 4500 001 000000134420 003 CaOOAMICUS 005 20190417144759.0 008 050215s1991 it u000 u ita u 013 $a107588 020 $a88-420-3797-4 040 $aSeMil$bita 100 1 $aMerker, Nicolao,$d<1931-2016>.$0(OLS)http://semarc/name/6632 245 10$aIntroduzione a Lessing /$cdi Nicolao Merker. 260 $aBari :$bLaterza,$c1991. 300 $a203 p. ;$c18 cm. 490 0 $aGli scrittori ;$v25 650 4$aLessing, Gotthold Ephraim.$0(OLS)http://semarc/subject/10123 830 4$aGli scrittori ;$v25.$0(OLS)http://semarc/title/17218 850 $aSeMil 852 $aSeMil$W1$xVenegono$y1$m2P I 923$j213774$B226428$CSeMilBibl$Z2$F226428 $81 996 $6020$a88-420-3797-4$9(OLS)http://semarc/number/121635 996 $6245$aIntroduzione a Lessing$9(OLS)http://semarc/title/196691 996 $6260$aBari :$bLaterza$9(OLS)http://semarc/publisher/29858 LEADER 01543nam a2200325 4500 001 000000347077 003 CaOOAMICUS 005 20210805124927.0 008 210716s2018 it 000 u ita r 020 $a978-88-8057-072-1 040 $aSeMil$bita 100 1 $aKlemperer, Victor,$d<1881-1960>.$0(OLS)http://semarc/name/114314 240 10$aLTI. Notizbuch eines Philologen.$0(OLS)http://semarc/title/436317 245 10$aLTI. La lingua del Terzo Reich :$btaccuino di un filologo /$cVictor Klemperer ; traduzione di Paola Buscaglione Candela ; prefazione di Michele Ranchetti. 250 $a6. ed. 264 1$aFirenze :$bGiuntina,$c2018. 300 $a418 p. ;$c20 cm 490 1 $aSchulim Vogelmann ;$v72 650 4$aNazionalsocialismo - Linguaggio.$0(OLS)http://semarc/subject/50689 700 1 $aFröhlich, Elke,$d<1944- >.$0(OLS)http://semarc/name/114315 700 1 $aBuscaglione Candela, Paola.$0(OLS)http://semarc/name/80693 700 1 $aRanchetti, Michele,$d<1925- >.$0(OLS)http://semarc/name/4479 830 0$aSchulim Vogelmann ;$v72.$0(OLS)http://semarc/title/11273 850 $aSeMil 852 $aSeMil$W1$xVenegono$y1$m1Q I 108$j227696$B238138$CSeMilBibl$Z2$F238138 $81 961 $aPerego don Stefano - Omaggio 996 $6020$a978-88-8057-072-1$9(OLS)http://semarc/number/293686 996 $6245$aLTI. La lingua del Terzo Reich :$btaccuino di un filologo$9(OLS)http://semarc/title/436318 996 $6264$aFirenze :$bGiuntina$9(OLS)http://semarc/publisher/31954